[Event "Let's Play Chess!"]
[Site "http://www.queenalice.com/game.php?id=670250"]
[Date "2009.10.21"]
[Round "-"]
[White "MelloParental"]
[Black "marcosoda"]
[Result "0-1"]
[WhiteElo "889"]
[BlackElo "1169"]

1. e4 e5 2. Qg4 Nf6 3. Qf5 g6 4. Qxe5+ Qe7 5. Qd4 Qxe4+ 6. Qxe4+ Nxe4 7. Bd3 Nd6
8. b4 Nc6 9. Ba3 a6 10. Be2 Nb5 11. Bb2 Nxb4 12. Bxh8 Nxc2+ 13. Kd1 Nxa1 14.
Bxa1 d5 15. Bf3 Bf5 16. d3 O-O-O 17. h4 Bxd3 18. Nd2 Bb4 19. a3 Nxa3 20. Rh3 Nc2
21. Bxd5 Rxd5 22. Re3 Nxa1 23. Re8+ Kd7 24. Rb8 Bc2+ 25. Ke1 Bxd2+ 26. Ke2 b5
27. Rf8 f5 28. Rf7+ Kc6 29. g4 fxg4 30. Rf8 b4 31. Ra8 Kb7 32. Rh8 b3 33. Rxh7
b2 34. Rf7 b1=Q 35. Nf3 Qe1+ 36. Nxe1 Bxe1 37. Kxe1 Nb3 38. Re7 Rd1+ 39. Ke2 a5
40. Re3 Nd4# 0-1

[Event "Let's Play Chess!"]
[Site "http://www.queenalice.com/game.php?id=687863"]
[Date "2009.11.24"]
[Round "-"]
[White "MelloParental"]
[Black "spin"]
[Result "0-1"]
[WhiteElo "870"]
[BlackElo "1588"]

1. h4 g6 2. Rh3 Bg7 3. a4 Nf6 4. e4 Nxe4 5. Na3 d5 6. d3 Bxh3 7. dxe4 Be6 8. Qe2
O-O 9. exd5 Bxd5 10. Nh3 Qd6 11. Ng5 Qb4+ 12. Qd2 Qxh4 0-1

[Event "Let's Play Chess!"]
[Site "http://www.queenalice.com/game.php?id=687924"]
[Date "2009.11.24"]
[Round "-"]
[White "pegasusapril"]
[Black "MelloParental"]
[Result "1-0"]
[WhiteElo "1511"]
[BlackElo "870"]

1. e4 Nc6 2. Nf3 Nf6 3. d3 e5 4. c3 d6 5. Be2 g6 6. O-O Be6 7. Re1 a6 8. a3 b5
9. Nbd2 Qb8 10. b4 Qa7 11. d4 Bh6 12. g3 Rd8 13. h4 Ng4 14. Rf1 Ne7 15. Ng5 Qb6
16. Bxg4 Qc6 17. Bxe6 fxe6 18. Ndf3 Qxc3 19. Be3 Rf8 20. Kg2 Rh8 21. Nxe6 Rd7
22. Bxh6 Qc4 23. d5 Ng8 24. Bg7 h6 25. Bxh8 Rh7 26. Bg7 Ke7 27. Bf8+ Kf6 28. Re1
Rf7 29. Bg7+ Ke7 30. Rc1 Qa2 31. Rxc7+ Ke8 32. Rxf7 Kxf7 33. Qc1 Qc4 34. Qxc4
bxc4 35. Rc1 Ke7 36. Rxc4 Kd7 37. Rc7+ Ke8 38. Rc6 Nf6 39. Bxf6 Kf7 40. Bd8 1-0

[Event "Let's Play Chess!"]
[Site "http://www.queenalice.com/game.php?id=688332"]
[Date "2009.11.25"]
[Round "-"]
[White "MelloParental"]
[Black "Miras"]
[Result "0-1"]
[WhiteElo "877"]
[BlackElo "1561"]

1. h4 d5 2. a4 e5 3. Ra3 d4 4. e3 Bxa3 5. bxa3 dxe3 6. dxe3 Qxd1+ 7. Kxd1 Bg4+
8. f3 Bh5 9. g4 Bg6 10. h5 Bxc2+ 11. Kxc2 h6 12. Bb5+ c6 13. Bd3 Nd7 14. f4 exf4
15. exf4 Nc5 16. Bc4 Nxa4 17. Bb5 cxb5 18. Rh2 Rc8+ 19. Kd1 Nf6 20. Re2+ Kf8 21.
Be3 Rd8+ 22. Rd2 Rxd2+ 23. Nxd2 Nxg4 24. Bxa7 f5 25. Bb8 Ne3+ 26. Ke1 Kf7 27.
Ba7 Nc2+ 28. Kd1 Rc8 29. Ke2 Nxa3 30. Nf1 b4 31. Ng3 Ke6 32. Nf3 b3 33. Nd4+ Kf6
34. Nxb3 Nc3+ 35. Kf2 Nd1+ 36. Ke1 Rc3 37. Kxd1 Rxg3 38. Bd4+ Kf7 39. Be5 Rxb3
40. Bd6 Rd3+ 41. Ke2 Rxd6 42. Ke3 Nc4+ 43. Ke2 b5 44. Kf3 b4 45. Kf2 b3 46. Kf1
b2 47. Ke1 Rd2 48. Kf1 b1=Q# 0-1

[Event "Let's Play Chess!"]
[Site "http://www.queenalice.com/game.php?id=688333"]
[Date "2009.11.25"]
[Round "-"]
[White "MelloParental"]
[Black "perucona"]
[Result "0-1"]
[WhiteElo "870"]
[BlackElo "1578"]

1. b3 e5 2. Bb2 Nc6 3. g4 d5 4. e3 Nf6 5. Nc3 Bxg4 6. f3 Be6 7. h4 Qd6 8. Rh3
Bxh3 9. Bxh3 Be7 10. Bc8 Rxc8 11. Nge2 O-O 12. Ng3 Qd7 13. a4 Rfe8 14. e4 d4 15.
d3 Bb4 16. Qd2 Bxc3 17. Bxc3 dxc3 18. Qxc3 Qd6 19. Nf5 Qe6 20. Ne3 h6 0-1

[Event "Let's Play Chess!"]
[Site "http://www.queenalice.com/game.php?id=688334"]
[Date "2009.11.25"]
[Round "-"]
[White "MelloParental"]
[Black "perucona"]
[Result "0-1"]
[WhiteElo "870"]
[BlackElo "1590"]

1. e4 e5 2. Bc4 Qf6 3. Nh3 d6 4. Qh5 g6 5. Bb5+ c6 6. Bc4 Be6 7. Qe2 d5 8. Bb3
Nd7 9. Nc3 d4 10. Na4 O-O-O 11. c4 b5 12. Qf3 Qxf3 13. gxf3 bxa4 14. Bxa4 Kc7
15. Ng5 h6 16. Nxe6+ fxe6 17. d3 Bb4+ 18. Kd1 Nc5 19. Bc2 Nf6 0-1

[Event "Let's Play Chess!"]
[Site "http://www.queenalice.com/game.php?id=688338"]
[Date "2009.11.25"]
[Round "-"]
[White "MelloParental"]
[Black "perucona"]
[Result "0-1"]
[WhiteElo "870"]
[BlackElo "1576"]

1. e4 e5 2. Qg4 d5 3. Qh5 Qf6 4. Bb5+ c6 5. Ba4 b5 6. Bb3 a5 7. a4 bxa4 8. Bxa4
g6 9. Qe2 Qf4 10. g3 Qf6 11. d4 dxe4 12. Qxe4 Bb4+ 13. c3 Bb7 14. cxb4 axb4 15.
Ra3 bxa3 16. dxe5 Qe6 17. Nc3 a2 18. Qb4 Qxe5+ 19. Be3 Bc8 0-1

[Event "Let's Play Chess!"]
[Site "http://www.queenalice.com/game.php?id=688339"]
[Date "2009.11.25"]
[Round "-"]
[White "MelloParental"]
[Black "perucona"]
[Result "0-1"]
[WhiteElo "870"]
[BlackElo "1580"]

1. c4 e5 2. Qa4 Nc6 3. Nc3 d6 4. e3 Bg4 5. f3 Be6 6. h4 Qd7 7. Nge2 O-O-O 8. g4
Be7 9. Ng3 Nf6 10. b4 Nb8 11. b5 b6 12. d3 g6 13. Ba3 c6 14. bxc6 Nxc6 15. Rb1
Kc7 16. g5 Ne8 17. Qa6 Qc8 18. Nd5+ Bxd5 19. Qb5 a6 0-1

[Event "Let's Play Chess!"]
[Site "http://www.queenalice.com/game.php?id=688341"]
[Date "2009.11.25"]
[Round "-"]
[White "MelloParental"]
[Black "perucona"]
[Result "0-1"]
[WhiteElo "870"]
[BlackElo "1588"]

1. Nf3 d5 2. Nc3 d4 3. Nb5 c6 4. Nfxd4 cxb5 5. Nxb5 a6 6. Nc3 e5 7. f4 exf4 8.
d4 Nc6 9. Bxf4 Bd6 10. Be3 Nf6 11. Bg5 O-O 12. h4 h6 13. Be3 Bg3+ 14. Kd2 Bf5
15. b4 Nxb4 16. Rb1 Be4 17. Rh3 Bd6 18. Rg3 g6 0-1

[Event "Let's Play Chess!"]
[Site "http://www.queenalice.com/game.php?id=688346"]
[Date "2009.11.25"]
[Round "-"]
[White "MelloParental"]
[Black "elche"]
[Result "0-1"]
[WhiteElo "870"]
[BlackElo "1724"]

1. e4 c5 2. d3 Nc6 3. Be3 e6 4. a4 Qa5+ 5. c3 b5 6. b4 cxb4 7. Qb3 bxc3 8. Na3
bxa4 9. Qa2 Ba6 10. Be2 Nb4 11. Qb1 Nd5 12. Bg5 c2+ 13. Kf1 cxb1=R+ 14. Rxb1 Nc3
15. Bd2 Bxa3 16. d4 Bb4 17. Bxc3 Bxc3 18. Nf3 Bxe2+ 19. Kxe2 a3 20. Rhc1 Bb2 21.
Rc2 Ne7 22. d5 exd5 23. Nd2 dxe4 0-1

[Event "Let's Play Chess!"]
[Site "http://www.queenalice.com/game.php?id=688431"]
[Date "2009.11.25"]
[Round "-"]
[White "MelloParental"]
[Black "shmurtz91"]
[Result "0-1"]
[WhiteElo "877"]
[BlackElo "1190"]

1. e4 d5 2. f3 e6 3. c4 dxc4 4. Qc2 Bd6 5. Qxc4 Qh4+ 6. g3 Bxg3+ 7. Ke2 Be1 8.
Qxc7 Qf2+ 9. Kd3 Qxf1+ 10. Kc2 Nc6 11. Qf4 Qg2 12. Qe3 Bf2 13. Qg5 Qxg5 14. Nh3
Nd4+ 15. Kd3 Qb5+ 16. Kc3 Qc5+ 17. Kd3 Qc2# 0-1

[Event "Let's Play Chess!"]
[Site "http://www.queenalice.com/game.php?id=688460"]
[Date "2009.11.25"]
[Round "-"]
[White "MelloParental"]
[Black "perucona"]
[Result "0-1"]
[WhiteElo "870"]
[BlackElo "1586"]

1. h4 e5 2. e3 d5 3. Bb5+ c6 4. Be2 Nf6 5. g3 Bg4 6. f3 Be6 7. c3 Bc5 8. h5 O-O
9. Rh4 Be7 10. f4 e4 11. Qb3 b6 0-1

[Event "Let's Play Chess!"]
[Site "http://www.queenalice.com/game.php?id=688461"]
[Date "2009.11.25"]
[Round "-"]
[White "MelloParental"]
[Black "perucona"]
[Result "0-1"]
[WhiteElo "870"]
[BlackElo "1584"]

1. a4 e5 2. e4 d5 3. Nc3 d4 4. Nb5 c6 5. Na3 Nf6 6. b3 Bxa3 7. Bxa3 Qa5 8. Nf3
Nbd7 9. h4 Nc5 10. b4 Qxa4 11. Qc1 O-O 0-1

[Event "Let's Play Chess!"]
[Site "http://www.queenalice.com/game.php?id=688462"]
[Date "2009.11.25"]
[Round "-"]
[White "MelloParental"]
[Black "perucona"]
[Result "0-1"]
[WhiteElo "870"]
[BlackElo "1582"]

1. e4 e5 2. c4 d6 3. Qa4+ Bd7 4. Qb3 b6 5. f3 Nc6 6. Nh3 Bxh3 7. gxh3 Be7 8. Kd1
Nf6 9. Qa4 O-O 10. Qxc6 Rc8 11. Qb7 a5 0-1